02599nam a2200301 a 4500001001000000003000600010005001700016008004100033020001800074020001500092040002500107090002500132110005200157245009100209250001100300260003500311300002000346500000600366505123100372610006401603650003701667952012001704952012001824952012001944952010502064952011102169999001702280000020836OCoLC20240307073942.0081112s2002 dr 000 0 spa d a9788489525450 a8489525455 aDO-SdBNPbspacBNPHU a378.1012bI59r, 20022 aInstituto Tecnológico de Santo Domingo97891110aReglamentos académicos :baprobados mediante resolución 1-20/96 de fecha 14-11-96. a10a ed aSanto Domingo :bINTEC,c2002. a64 p. ;c21 cm. a60 aPresentación -- Reglamento academico -- Definición y objetivos -- Programas curriculares -- Programas ordinarios y extraordinarios -- Estructura curricular -- Programa de asignaturas -- Unidad de contabilidad académica -- Calendario académico -- Programación de asignaturas -- Asitencia y puntualidad -- Del estudiantado -- Del profesorado -- Admisiones -- Normas de ingreso -- Del estudiantado extranjero -- Convalidación a profesionales -- Convalidación a egresados y egresadas del INTEC -- Carga académica -- Evaluaciones y calificaciones -- Revisión de calificaciones -- Rendimiento académico -- Condición académica y baja académica -- Permanencia institucional -- Reincorporación al instituto -- Retiros -- Cambio de carrera -- Pre-requisitos -- Honores académicos -- Graduación -- Grados, títulos y certificados -- Auditoría académica -- Número de estudiantes por secciones -- Disposiciones generales -- Reglamento de disciplina -- Reglamento de tutoria -- Definiciones, fines y objetivos -- Principios generales -- Del pago -- De los procedimientos -- Reglamento de pasantia -- Principios orientadores -- Naturaleza de la pasantía -- De los requisitos -- De los procedimientos. 0aINSTITUTO TECNOLÓGICO DE SANTO DOMINGOvREGLAMENTOS91629 aUniversidadesvREGLAMENTOS91627 001054708DSaGRbGRcCTd2011-04-25iLF1l0o p20836-30r2020-06-25te. 3w2020-06-25yLFDSZPréstamo en sala 001054708DSaGRbGRcCTd2011-04-25iLF1l0o p20836-40r2020-06-25te. 4w2020-06-25yLFDSZPréstamo en sala 001054708DSaGRbGRcCTd2011-04-25iLF1l0o p20836-50r2020-06-25te. 5w2020-06-25yLFDSZPréstamo en sala 0010718PDaPDbPDcCTd2011-04-25iLF1l0o p20836-10r2020-06-25w2020-06-25yLFPDZNo se presta 0010718PDaPDbPDcCTd2011-04-25iLF1l0o p20836-20r2020-06-25te. 2w2020-06-25yLFPDZNo se presta c20339d20339